Os escuros soños de clio (Registo nº 201583)

Detalhes MARC
000 -Etiqueta do registo
Valores 00751nam 22002293 4500
010 ## - Número ISBN
ISBN 84-85738-02-0
021 ## - Número do Depósito Legal
Número 0-293-1980
100 ## - Dados gerais de processamento
Dados gerais 20260330d u||y0pory50 ba
200 ## - Titulo e menção de responsabilidade
Título próprio Os escuros soños de clio
Primeira menção de responsabilidade Carlos Casares
Informação de outro título narracións
210 ## - Publicação
Local de publicação Santiago
Nome do editor cerne
Data de publicação D.L. 1980
215 ## - Descrição física 
Paginação / Volumes 139, [6] p.
Outras indicações físicas brochado
Dimensões 20 cm
225 ## - Colecção 
Título próprio da colecção Cerne / minor
Menção de responsabilidade Luis Mariño
Indicação de volume 3
300 ## - Notas gerais 
Texto da nota . -Contém dedicatória na folha de guarda<br/>. -O livro tem algumas folhas soltas no final.<br/>
606 ## - Nome comum usado como assunto
ID Autoridade 8
Palavra de ordem Literatura Espanhola
610 ## - Termos não controlados
Palavra de ordem em Língua Espanhola
675 ## - CDU
Notação 821.134.2-3
Edição ES
Língua spa
700 ## - Autor principal (pessoa individual)
ID Autoridade 17018
Apelido Casares
Nome Carlos
Datas 1941-2002
801 ## - Fonte de origem
País PT
Agência BMMN
Regras de catalogação RPC
830 ## - Notas gerais do catalogador
Criado por Ana Falardo
Indexado por Ana Falardo
990 ## - Elementos KOHA
Tipo de documento Livro
Exemplares
Situação do levantamento Biblioteca de origem Código de barras Cota Permissão de empréstimo Tipo de documento Nota relativa ao exemplar Forma de aquisição
  Biblioteca Municipal de Montemor-o-Novo 30930 821.134.2-3 CAS|SAF   Livro Acesso Condicionado Oferta

Powered by Koha